000 00275nam a2200121 a 4500
008 090930s1974|||| d
100 1 _aAubryová, C.
245 1 0 _aSebastian a Mary Morgan
020 _c23
260 _bPravda
_aBratislava
_c1974
041 _aslo
044 _axo
_cSK
999 _c31
_d31